[Event "Bundesliga 9495"]
[Site "Deutschland"]
[Date "1995.??.??"]
[Round "?.2"]
[White "Chandler, Murray G"]
[Black "Ftacnik, Lubomir"]
[Result "1/2-1/2"]
[WhiteElo "2535"]
[BlackElo "2605"]
[PlyCount "117"]
[EventDate "1994.10.??"]
[EventType "team"]
[EventRounds "15"]
[EventCountry "GER"]
[SourceTitle "Bundesliga 9495"]
[Source "DeepChess"]
[SourceDate "2005.01.01"]
[SourceVersion "1"]
[SourceVersionDate "2005.01.01"]
[SourceQuality "1"]
[WhiteTeam "SG 1868 Aljech. Solingen"]
[BlackTeam "Hamburger SK 1830 e.V."]
[WhiteTeamCountry "GER"]
[BlackTeamCountry "GER"]

1. d4 Nf6 2. Nf3 g6 3. c4 Bg7 4. g3 O-O 5. Bg2 d5 6. cxd5 Nxd5 7. O-O Nb6 8.
Nc3 Nc6 9. e3 Re8 10. Re1 a5 11. d5 Nb4 12. e4 c6 13. a3 Na6 14. Be3 Nc4 15.
Qe2 Nxe3 16. Qxe3 Bg4 17. Ng5 e5 18. h3 Bd7 19. Rad1 c5 20. Bf1 Rb8 21. d6 Bh6
22. f4 b5 23. Nd5 f6 24. Nf3 Be6 25. Ne7+ Rxe7 26. dxe7 Qxe7 27. Qd3 exf4 28.
Qd6 Qxd6 29. Rxd6 Nc7 30. Rc6 Rb7 31. gxf4 c4 32. Nd4 Bd7 33. Rxf6 Ne8 34. Ra6
Bxf4 35. e5 Nc7 36. Rd6 Be8 37. Bg2 Rb8 38. Nc6 Bxc6 39. Rxc6 Ne8 40. Bd5+ Kg7
41. Kg2 Rd8 42. Rc5 Kh6 43. Kf3 Bg5 44. Ke4 Nd6+ 45. exd6 Re8+ 46. Kf3 Rxe1 47.
Rxb5 Re3+ 48. Kg2 Rb3 49. a4 Bd8 50. Bxc4 Rxb5 51. Bxb5 Kg5 52. Kf3 Kf5 53. Ke3
Ke6 54. d7 Ke5 55. b3 h5 56. Kf3 g5 57. Kg3 Be7 58. Kg2 g4 59. hxg4 1/2-1/2

[Event "Bundesliga 9495"]
[Site "Deutschland"]
[Date "1995.??.??"]
[Round "?.5"]
[White "Loeffler, Stefan"]
[Black "Reeh, Oliver"]
[Result "1/2-1/2"]
[WhiteElo "2425"]
[BlackElo "2450"]
[PlyCount "45"]
[EventDate "1994.10.??"]
[EventType "team"]
[EventRounds "15"]
[EventCountry "GER"]
[SourceTitle "Bundesliga 9495"]
[Source "DeepChess"]
[SourceDate "2005.01.01"]
[SourceVersion "1"]
[SourceVersionDate "2005.01.01"]
[SourceQuality "1"]
[WhiteTeam "Hamburger SK 1830 e.V."]
[BlackTeam "SG 1868 Aljech. Solingen"]
[WhiteTeamCountry "GER"]
[BlackTeamCountry "GER"]

1. Nf3 Nf6 2. g3 g6 3. d4 Bg7 4. c4 O-O 5. Bg2 c5 6. Nc3 cxd4 7. Nxd4 Nc6 8.
O-O d6 9. Nxc6 bxc6 10. Bxc6 Rb8 11. Qa4 Bh3 12. Bg2 Bxg2 13. Kxg2 Qd7 14. Rb1
Qxa4 15. Nxa4 Rfc8 16. c5 dxc5 17. Be3 Rb4 18. b3 c4 19. Rbc1 Nd5 20. Bxa7 Ra8
21. Bc5 cxb3 22. Bxb4 bxa2 23. Bd2 1/2-1/2

[Event "Bundesliga 9495"]
[Site "Deutschland"]
[Date "1995.??.??"]
[Round "?.6"]
[White "Schaefer, Markus"]
[Black "Maus, Soenke"]
[Result "1-0"]
[WhiteElo "2435"]
[BlackElo "2430"]
[PlyCount "69"]
[EventDate "1994.10.??"]
[EventType "team"]
[EventRounds "15"]
[EventCountry "GER"]
[SourceTitle "Bundesliga 9495"]
[Source "DeepChess"]
[SourceDate "2005.01.01"]
[SourceVersion "1"]
[SourceVersionDate "2005.01.01"]
[SourceQuality "1"]
[WhiteTeam "SG 1868 Aljech. Solingen"]
[BlackTeam "Hamburger SK 1830 e.V."]
[WhiteTeamCountry "GER"]
[BlackTeamCountry "GER"]

1. e4 c6 2. d4 d5 3. Nc3 g6 4. Nf3 Bg7 5. Bf4 dxe4 6. Nxe4 Qa5+ 7. Ned2 Nf6 8.
Bc4 Bg4 9. c3 Qf5 10. Be3 Nd5 11. O-O Nd7 12. h3 Bxf3 13. Nxf3 O-O 14. Bg5 h6
15. Bd3 Qe6 16. Bh4 g5 17. Bg3 Nf4 18. Re1 Qd6 19. Nd2 e5 20. Bxf4 exf4 21. Qg4
Nf6 22. Qf5 Qd5 23. Re5 Qd7 24. Qxd7 Nxd7 25. Re7 Rad8 26. Bf5 Nc5 27. Nb3 Bf6
28. Rc7 Na4 29. Rxb7 Nxb2 30. Nc5 Rb8 31. Rxb8 Rxb8 32. Nd7 Rb5 33. Nxf6+ Kg7
34. Nh5+ Kg8 35. Bc2 1-0

[Event "Bundesliga 9495"]
[Site "Deutschland"]
[Date "1995.??.??"]
[Round "?.7"]
[White "Reefschlaeger, Helmut"]
[Black "Zysk, Robert"]
[Result "1/2-1/2"]
[WhiteElo "2375"]
[BlackElo "2450"]
[PlyCount "94"]
[EventDate "1994.10.??"]
[EventType "team"]
[EventRounds "15"]
[EventCountry "GER"]
[SourceTitle "Bundesliga 9495"]
[Source "DeepChess"]
[SourceDate "2005.01.01"]
[SourceVersion "1"]
[SourceVersionDate "2005.01.01"]
[SourceQuality "1"]
[WhiteTeam "Hamburger SK 1830 e.V."]
[BlackTeam "SG 1868 Aljech. Solingen"]
[WhiteTeamCountry "GER"]
[BlackTeamCountry "GER"]

1. e4 e6 2. g3 d5 3. Nc3 d4 4. Nce2 c5 5. d3 Nc6 6. Bg2 e5 7. f4 Bd6 8. Nf3
Nge7 9. O-O f6 10. f5 Bd7 11. g4 Qc7 12. g5 O-O-O 13. Ng3 Be8 14. h4 Ng8 15. b3
Kb8 16. h5 h6 17. gxh6 Nxh6 18. Nh4 Nf7 19. Ng6 Rg8 20. Rf2 Rc8 21. Bd2 Qd8 22.
a4 Bc7 23. Bf3 Ba5 24. Nf1 Bxd2 25. Nxd2 Ne7 26. Rg2 Nd6 27. Bg4 Bd7 28. Qf3
Nf7 29. Qg3 Nxg6 30. fxg6 Ng5 31. Nf3 Nxf3+ 32. Qxf3 Rh8 33. Rf1 Rh6 34. Rh2
Qe7 35. Kg2 Rch8 36. Bf5 Kc7 37. Rfh1 Bxf5 38. exf5 Qd7 39. Qe4 Qc6 40. Kf3 a6
41. Qxc6+ Kxc6 42. Ke4 Rd8 43. Ra1 Kb6 44. Rb1 Ka5 45. Ra1 b6 46. Rah1 Kb4 47.
Rb1 Rd7 1/2-1/2

[Event "Bundesliga 9495"]
[Site "Deutschland"]
[Date "1995.??.??"]
[Round "?.8"]
[White "Seul, Georg"]
[Black "Sievers, Stefan"]
[Result "1/2-1/2"]
[WhiteElo "2440"]
[BlackElo "2355"]
[PlyCount "41"]
[EventDate "1994.10.??"]
[EventType "team"]
[EventRounds "15"]
[EventCountry "GER"]
[SourceTitle "Bundesliga 9495"]
[Source "DeepChess"]
[SourceDate "2005.01.01"]
[SourceVersion "1"]
[SourceVersionDate "2005.01.01"]
[SourceQuality "1"]
[WhiteTeam "SG 1868 Aljech. Solingen"]
[BlackTeam "Hamburger SK 1830 e.V."]
[WhiteTeamCountry "GER"]
[BlackTeamCountry "GER"]

1. d4 Nf6 2. Nf3 e6 3. Bg5 c5 4. e3 Be7 5. Bd3 b6 6. O-O O-O 7. c4 cxd4 8. exd4
d5 9. Nc3 dxc4 10. Bxc4 Ba6 11. Bxa6 Nxa6 12. Ne5 Qe8 13. Qb3 Rd8 14. Rad1 Nb8
15. Rfe1 Nc6 16. Qc4 Na5 17. Qc7 Nd5 18. Nxd5 Bxg5 19. Nc3 Qe7 20. Qxe7 Bxe7
21. Nb5 1/2-1/2

[Event "Bundesliga 9495"]
[Site "Deutschland"]
[Date "1994.??.??"]
[Round "?.1"]
[White "Dokhoian, Yury"]
[Black "Wahls, Matthias"]
[Result "1/2-1/2"]
[WhiteElo "2580"]
[BlackElo "2540"]
[PlyCount "61"]
[EventDate "1994.10.??"]
[EventType "team"]
[EventRounds "15"]
[EventCountry "GER"]
[SourceTitle "Bundesliga 9495"]
[Source "DeepChess"]
[SourceDate "2005.01.01"]
[SourceVersion "1"]
[SourceVersionDate "2005.01.01"]
[SourceQuality "1"]
[WhiteTeam "SG Bochum 31"]
[BlackTeam "Hamburger SK 1830 e.V."]
[WhiteTeamCountry "GER"]
[BlackTeamCountry "GER"]

1. d4 Nf6 2. c4 e6 3. Nf3 Bb4+ 4. Bd2 Qe7 5. g3 Nc6 6. Nc3 Bxc3 7. Bxc3 Ne4 8.
Rc1 O-O 9. Bg2 d6 10. d5 Nd8 11. dxe6 Nxe6 12. O-O Nxc3 13. Rxc3 Bd7 14. Nd4
Nxd4 15. Qxd4 Bc6 16. Re3 Qd7 17. Rd1 Bxg2 18. Kxg2 b6 19. Rdd3 Rae8 20. b3 h6
21. Rxe8 Rxe8 22. Re3 Rxe3 23. Qxe3 d5 24. Qd4 Qe6 25. Qxd5 Qxe2 26. Qd8+ Kh7
27. Qxc7 Qe4+ 28. Kh3 Qf5+ 29. Kg2 Qe4+ 30. Kh3 Qf5+ 31. Kg2 1/2-1/2

[Event "Bundesliga 9495"]
[Site "Deutschland"]
[Date "1994.??.??"]
[Round "?.2"]
[White "Ftacnik, Lubomir"]
[Black "Glek, Igor V"]
[Result "1/2-1/2"]
[WhiteElo "2570"]
[BlackElo "2615"]
[PlyCount "51"]
[EventDate "1994.10.??"]
[EventType "team"]
[EventRounds "15"]
[EventCountry "GER"]
[SourceTitle "Bundesliga 9495"]
[Source "DeepChess"]
[SourceDate "2005.01.01"]
[SourceVersion "1"]
[SourceVersionDate "2005.01.01"]
[SourceQuality "1"]
[WhiteTeam "Hamburger SK 1830 e.V."]
[BlackTeam "SG Bochum 31"]
[WhiteTeamCountry "GER"]
[BlackTeamCountry "GER"]

1. d4 Nf6 2. Nf3 g6 3. c4 Bg7 4. Nc3 O-O 5. e4 d6 6. Be2 e5 7. O-O exd4 8. Nxd4
Re8 9. f3 Nc6 10. Nxc6 bxc6 11. Bg5 h6 12. Bh4 g5 13. Bf2 Be6 14. Qc2 Nd7 15.
Rad1 c5 16. g3 Qc8 17. f4 Bh3 18. Rfe1 Nf6 19. fxg5 hxg5 20. Qc1 Re5 21. Be3
Nh7 22. Rd5 Qe6 23. Bf1 Bg4 24. Be2 Bh3 25. Bf1 Bg4 26. Be2 1/2-1/2

[Event "Bundesliga 9495"]
[Site "Deutschland"]
[Date "1994.??.??"]
[Round "?.3"]
[White "Mueller, Karsten"]
[Black "Keitlinghaus, Ludger"]
[Result "1/2-1/2"]
[WhiteElo "2470"]
[BlackElo "2500"]
[PlyCount "29"]
[EventDate "1994.10.??"]
[EventType "team"]
[EventRounds "15"]
[EventCountry "GER"]
[SourceTitle "Bundesliga 9495"]
[Source "DeepChess"]
[SourceDate "2005.01.01"]
[SourceVersion "1"]
[SourceVersionDate "2005.01.01"]
[SourceQuality "1"]
[WhiteTeam "Hamburger SK 1830 e.V."]
[BlackTeam "SG Bochum 31"]
[WhiteTeamCountry "GER"]
[BlackTeamCountry "GER"]

1. e4 e6 2. d4 d5 3. e5 c5 4. c3 Nc6 5. Nf3 Bd7 6. Be2 cxd4 7. cxd4 Nge7 8. Nc3
Ng6 9. h4 f6 10. h5 Ngxe5 11. dxe5 fxe5 12. O-O e4 13. Nd4 Bd6 14. Nxc6 Qh4 15.
g3 1/2-1/2

[Event "Bundesliga 9495"]
[Site "Deutschland"]
[Date "1994.??.??"]
[Round "?.4"]
[White "Michaelsen, Nils"]
[Black "Backwinkel, Paul"]
[Result "1-0"]
[WhiteElo "2430"]
[BlackElo "2410"]
[PlyCount "53"]
[EventDate "1994.10.??"]
[EventType "team"]
[EventRounds "15"]
[EventCountry "GER"]
[SourceTitle "Bundesliga 9495"]
[Source "DeepChess"]
[SourceDate "2005.01.01"]
[SourceVersion "1"]
[SourceVersionDate "2005.01.01"]
[SourceQuality "1"]
[WhiteTeam "Hamburger SK 1830 e.V."]
[BlackTeam "SG Bochum 31"]
[WhiteTeamCountry "GER"]
[BlackTeamCountry "GER"]

1. d4 d5 2. c4 c6 3. e3 Bf5 4. Qb3 Qc8 5. cxd5 cxd5 6. Bb5+ Nd7 7. Nc3 e6 8.
Bd2 Ngf6 9. Rc1 Qd8 10. Nf3 Be7 11. O-O O-O 12. Rfd1 Bg4 13. Be2 Qb6 14. Qxb6
Nxb6 15. h3 Bh5 16. g4 Bg6 17. Ne5 Nfd7 18. Nxd7 Nxd7 19. Nxd5 exd5 20. Rc7
Rfd8 21. Bb5 a6 22. Bxd7 Rab8 23. Rdc1 Bd3 24. Rc8 Bc4 25. Rxb8 Rxb8 26. b3 Bd3
27. Rc8+ 1-0

[Event "Bundesliga 9495"]
[Site "Deutschland"]
[Date "1994.??.??"]
[Round "?.5"]
[White "Jackelen, Thomas"]
[Black "Loeffler, Stefan"]
[Result "1/2-1/2"]
[WhiteElo "2415"]
[BlackElo "2420"]
[PlyCount "71"]
[EventDate "1994.10.??"]
[EventType "team"]
[EventRounds "15"]
[EventCountry "GER"]
[SourceTitle "Bundesliga 9495"]
[Source "DeepChess"]
[SourceDate "2005.01.01"]
[SourceVersion "1"]
[SourceVersionDate "2005.01.01"]
[SourceQuality "1"]
[WhiteTeam "SG Bochum 31"]
[BlackTeam "Hamburger SK 1830 e.V."]
[WhiteTeamCountry "GER"]
[BlackTeamCountry "GER"]

1. Nf3 d5 2. c4 d4 3. g3 c5 4. b4 cxb4 5. a3 bxa3 6. d3 Nc6 7. Bxa3 g6 8. Bg2
Bg7 9. O-O Nf6 10. Nbd2 O-O 11. Qb3 Qc7 12. Rfb1 Rd8 13. Ne1 h5 14. Nc2 Rb8 15.
Nb4 Na5 16. Qa2 b6 17. Ne4 Nxe4 18. Bxe4 Qd7 19. Nd5 e6 20. Ne7+ Kh7 21. Nxc8
Rdxc8 22. Bb4 Nc6 23. Bxc6 Qxc6 24. Qxa7 Rb7 25. Qa6 h4 26. Bd2 Be5 27. Qb5 Qd6
28. Kg2 Kg7 29. Ra6 Rc5 30. Qa4 Qc7 31. Ra8 b5 32. Qa6 Rb6 33. Qa7 Rb7 34. Qa6
Rb6 35. Qa7 Rb7 36. Qa6 1/2-1/2

[Event "Bundesliga 9495"]
[Site "Deutschland"]
[Date "1994.??.??"]
[Round "?.6"]
[White "Reefschlaeger, Helmut"]
[Black "Luecke, Norbert"]
[Result "1-0"]
[WhiteElo "2370"]
[BlackElo "2410"]
[PlyCount "81"]
[EventDate "1994.10.??"]
[EventType "team"]
[EventRounds "15"]
[EventCountry "GER"]
[SourceTitle "Bundesliga 9495"]
[Source "DeepChess"]
[SourceDate "2005.01.01"]
[SourceVersion "1"]
[SourceVersionDate "2005.01.01"]
[SourceQuality "1"]
[WhiteTeam "Hamburger SK 1830 e.V."]
[BlackTeam "SG Bochum 31"]
[WhiteTeamCountry "GER"]
[BlackTeamCountry "GER"]

1. e4 c5 2. f4 Nc6 3. Nf3 g6 4. g3 Bg7 5. Bg2 d6 6. O-O e6 7. a4 Nge7 8. c3 O-O
9. Na3 Rb8 10. Nc2 e5 11. d3 f5 12. Ne3 h6 13. Nd5 Be6 14. Nxe7+ Nxe7 15. exf5
gxf5 16. Re1 Qc7 17. Qe2 Nc6 18. Nh4 Rbe8 19. Qh5 Qf7 20. Qxf7+ Rxf7 21. Bf3
Rc7 22. Bh5 Rd8 23. Bd2 Bf6 24. Ng2 Kg7 25. Bf3 Na5 26. Bd1 c4 27. d4 Nc6 28.
fxe5 dxe5 29. Bf4 exf4 30. Rxe6 fxg3 31. hxg3 Re7 32. Nf4 Rde8 33. Nh5+ Kg6 34.
Rxf6+ Kg5 35. Bf3 Re1+ 36. Rxe1 Rxe1+ 37. Kg2 Rb1 38. Rd6 Rxb2+ 39. Kh3 Rf2 40.
Bxc6 Kxh5 41. Be8+ 1-0

[Event "Bundesliga 9495"]
[Site "Deutschland"]
[Date "1994.??.??"]
[Round "?.7"]
[White "Kassebaum, Roman"]
[Black "Heinemann, Thies"]
[Result "1-0"]
[WhiteElo "2335"]
[BlackElo "2395"]
[PlyCount "101"]
[EventDate "1994.10.??"]
[EventType "team"]
[EventRounds "15"]
[EventCountry "GER"]
[SourceTitle "Bundesliga 9495"]
[Source "DeepChess"]
[SourceDate "2005.01.01"]
[SourceVersion "1"]
[SourceVersionDate "2005.01.01"]
[SourceQuality "1"]
[WhiteTeam "SG Bochum 31"]
[BlackTeam "Hamburger SK 1830 e.V."]
[WhiteTeamCountry "GER"]
[BlackTeamCountry "GER"]

1. e4 c5 2. Nc3 d6 3. Nge2 a6 4. g3 b5 5. Bg2 Bb7 6. d4 cxd4 7. Nxd4 Nf6 8. O-O
e5 9. Nf5 b4 10. Na4 h6 11. f4 Bc6 12. b3 Bxa4 13. bxa4 Nc6 14. a3 g6 15. Ne3
bxa3 16. Nc4 Be7 17. Bxa3 O-O 18. fxe5 Nxe5 19. Nxe5 dxe5 20. Qxd8 Bxd8 21.
Bxf8 Kxf8 22. Rab1 Rc8 23. Bh3 Rc6 24. Rb7 Be7 25. Rb8+ Kg7 26. Rc8 Rb6 27. Rc4
h5 28. Bc8 Ne8 29. a5 Rd6 30. Bb7 Bd8 31. Rc6 Bxa5 32. Rxa6 Bb6+ 33. Kh1 Nc7
34. Ra3 Rd7 35. c4 Bc5 36. Raf3 Re7 37. Rb3 h4 38. gxh4 Ne6 39. Bd5 Nf4 40. Rb5
Rc7 41. Rfb1 Bf2 42. Rb7 Nxd5 43. cxd5 Rc4 44. Rf1 Bxh4 45. Rbxf7+ Kh6 46. Rd1
Rxe4 47. d6 Ra4 48. Rf8 e4 49. d7 e3 50. d8=Q Bxd8 51. Rfxd8 1-0

[Event "Bundesliga 9495"]
[Site "Deutschland"]
[Date "1994.??.??"]
[Round "?.8"]
[White "Wegner, Hannu"]
[Black "Wiesmann, Hartwig"]
[Result "1/2-1/2"]
[WhiteElo "2350"]
[BlackElo "2261"]
[PlyCount "75"]
[EventDate "1994.10.??"]
[EventType "team"]
[EventRounds "15"]
[EventCountry "GER"]
[SourceTitle "Bundesliga 9495"]
[Source "DeepChess"]
[SourceDate "2005.01.01"]
[SourceVersion "1"]
[SourceVersionDate "2005.01.01"]
[SourceQuality "1"]
[WhiteTeam "Hamburger SK 1830 e.V."]
[BlackTeam "SG Bochum 31"]
[WhiteTeamCountry "GER"]
[BlackTeamCountry "GER"]

1. d4 Nf6 2. c4 g6 3. Nc3 d5 4. cxd5 Nxd5 5. e4 Nxc3 6. bxc3 Bg7 7. Be3 c5 8.
Qd2 Qa5 9. Rc1 cxd4 10. cxd4 Qxd2+ 11. Kxd2 O-O 12. Bb5 Rd8 13. Ne2 Nc6 14.
Bxc6 bxc6 15. Rhd1 Rd7 16. f3 Bb7 17. Ke1 Rad8 18. Rd2 e5 19. dxe5 Rxd2 20.
Bxd2 Bxe5 21. Bf4 Bxf4 22. Nxf4 Kf8 23. Rc3 Ke7 24. Nd3 Kd6 25. Nc5 Kc7 26. Ke2
Bc8 27. h4 Rd6 28. g4 h6 29. g5 hxg5 30. hxg5 Kb6 31. Ke3 Rd1 32. Kf4 Rg1 33.
a3 Rg2 34. Nb3 Be6 35. Nc5 Bc8 36. Nd3 Bd7 37. Nc5 Bc8 38. Nd3 1/2-1/2

[Event "Bundesliga 9495"]
[Site "Deutschland"]
[Date "1995.??.??"]
[Round "?.1"]
[White "Wahls, Matthias"]
[Black "Lutz, Christopher"]
[Result "1-0"]
[WhiteElo "2555"]
[BlackElo "2560"]
[PlyCount "69"]
[EventDate "1994.10.??"]
[EventType "team"]
[EventRounds "15"]
[EventCountry "GER"]
[SourceTitle "Bundesliga 9495"]
[Source "DeepChess"]
[SourceDate "2005.01.01"]
[SourceVersion "1"]
[SourceVersionDate "2005.01.01"]
[SourceQuality "1"]
[WhiteTeam "Hamburger SK 1830 e.V."]
[BlackTeam "SG Porz e.V."]
[WhiteTeamCountry "GER"]
[BlackTeamCountry "GER"]

1. e4 c5 2. Nf3 d6 3. d4 cxd4 4. Nxd4 Nf6 5. Nc3 Nc6 6. Bg5 e6 7. Qd2 a6 8.
O-O-O h6 9. Be3 Be7 10. f4 Bd7 11. h3 b5 12. Bd3 Nxd4 13. Bxd4 b4 14. Ne2 Qa5
15. Kb1 e5 16. Be3 O-O 17. g4 exf4 18. Bxf4 Be6 19. b3 d5 20. e5 Ne4 21. Bxe4
dxe4 22. Nd4 Qc5 23. Qe2 a5 24. Rhg1 a4 25. g5 axb3 26. cxb3 hxg5 27. Bxg5 Rfd8
28. Bxe7 Qxe7 29. Qxe4 Bd5 30. Qf4 g6 31. Rd2 Rac8 32. h4 Qb7 33. Re1 Qb6 34.
h5 gxh5 35. e6 1-0

[Event "Bundesliga 9495"]
[Site "Deutschland"]
[Date "1995.??.??"]
[Round "?.2"]
[White "Hort, Vlastimil"]
[Black "Ftacnik, Lubomir"]
[Result "1/2-1/2"]
[WhiteElo "2565"]
[BlackElo "2605"]
[PlyCount "102"]
[EventDate "1994.10.??"]
[EventType "team"]
[EventRounds "15"]
[EventCountry "GER"]
[SourceTitle "Bundesliga 9495"]
[Source "DeepChess"]
[SourceDate "2005.01.01"]
[SourceVersion "1"]
[SourceVersionDate "2005.01.01"]
[SourceQuality "1"]
[WhiteTeam "SG Porz e.V."]
[BlackTeam "Hamburger SK 1830 e.V."]
[WhiteTeamCountry "GER"]
[BlackTeamCountry "GER"]

1. e4 c5 2. c3 Nf6 3. e5 Nd5 4. d4 cxd4 5. Nf3 e6 6. cxd4 b6 7. Nbd2 Ba6 8.
Bxa6 Nxa6 9. Ne4 Be7 10. O-O O-O 11. Bd2 Nac7 12. Rc1 f5 13. exf6 gxf6 14. Bh6
Rf7 15. Nfd2 Bf8 16. Qh5 Bxh6 17. Qxh6 Rg7 18. Nc4 Rg4 19. f3 Rg6 20. Qd2 Qf8
21. a3 Kh8 22. Rc2 Qe7 23. Ne3 Rag8 24. Rf2 Nxe3 25. Qxe3 Nd5 26. Qd2 Qf8 27.
Nc3 Rg5 28. Nxd5 Rxd5 29. Qf4 Qg7 30. Rfd2 Qg5 31. Qxg5 Rgxg5 32. Kf2 Rd6 33.
g4 h5 34. h3 hxg4 35. hxg4 Kg7 36. Ke3 Rgd5 37. a4 a5 38. f4 Kf7 39. b3 b5 40.
Rc5 bxa4 41. bxa4 Rb6 42. Ke4 f5+ 43. gxf5 Rxf5 44. Rxf5+ exf5+ 45. Kxf5 Rb4
46. Ke5 Rxa4 47. Kd6 Rb4 48. Kxd7 a4 49. Kc6 a3 50. Ra2 Rxd4 51. Rxa3 Rxf4
1/2-1/2

[Event "Bundesliga 9495"]
[Site "Deutschland"]
[Date "1995.??.??"]
[Round "?.5"]
[White "Michaelsen, Nils"]
[Black "Vaganian, Rafael A"]
[Result "0-1"]
[WhiteElo "2430"]
[BlackElo "2640"]
[PlyCount "64"]
[EventDate "1994.10.??"]
[EventType "team"]
[EventRounds "15"]
[EventCountry "GER"]
[SourceTitle "Bundesliga 9495"]
[Source "DeepChess"]
[SourceDate "2005.01.01"]
[SourceVersion "1"]
[SourceVersionDate "2005.01.01"]
[SourceQuality "1"]
[WhiteTeam "Hamburger SK 1830 e.V."]
[BlackTeam "SG Porz e.V."]
[WhiteTeamCountry "GER"]
[BlackTeamCountry "GER"]

1. d4 d5 2. c4 e6 3. Nf3 Nf6 4. Bg5 Be7 5. Nc3 h6 6. Bxf6 Bxf6 7. e3 O-O 8. Rc1
a6 9. cxd5 exd5 10. Bd3 c6 11. O-O Nd7 12. Qb3 Qb6 13. Qc2 Re8 14. e4 Bxd4 15.
Nxd4 dxe4 16. Nxe4 Qxd4 17. Rfd1 Kf8 18. Qb3 a5 19. Bb1 Qb4 20. Qc2 Re6 21. a3
Qe7 22. Ng3 g6 23. Qd2 Kg7 24. f4 Nf6 25. f5 Re5 26. fxg6 fxg6 27. Rf1 Be6 28.
Rce1 Bf7 29. Rxe5 Qxe5 30. Qf2 Rd8 31. Ne4 Bc4 32. Re1 Re8 0-1

[Event "Bundesliga 9495"]
[Site "Deutschland"]
[Date "1995.??.??"]
[Round "?.6"]
[White "Vogt, Lothar"]
[Black "Maus, Soenke"]
[Result "1-0"]
[WhiteElo "2475"]
[BlackElo "2430"]
[PlyCount "51"]
[EventDate "1994.10.??"]
[EventType "team"]
[EventRounds "15"]
[EventCountry "GER"]
[SourceTitle "Bundesliga 9495"]
[Source "DeepChess"]
[SourceDate "2005.01.01"]
[SourceVersion "1"]
[SourceVersionDate "2005.01.01"]
[SourceQuality "1"]
[WhiteTeam "SG Porz e.V."]
[BlackTeam "Hamburger SK 1830 e.V."]
[WhiteTeamCountry "GER"]
[BlackTeamCountry "GER"]

1. e4 e5 2. Nf3 d6 3. d4 f5 4. Nc3 fxe4 5. Nxe4 d5 6. Ng3 e4 7. Ne5 Nf6 8. f3
Bd6 9. fxe4 O-O 10. Bg5 Qe8 11. Qd2 c5 12. O-O-O Qa4 13. Kb1 cxd4 14. Nf3 Bb4
15. Qxd4 Nc6 16. Qd3 Be6 17. b3 Qa5 18. Bxf6 Rxf6 19. exd5 Rd8 20. Ng5 g6 21.
N3e4 Be7 22. Qb5 Qa3 23. Bc4 Nb4 24. Qa4 Qxa4 25. bxa4 Nxd5 26. Nxe6 1-0

[Event "Bundesliga 9495"]
[Site "Deutschland"]
[Date "1995.??.??"]
[Round "?.7"]
[White "Reefschlaeger, Helmut"]
[Black "Mainka, Romuald"]
[Result "0-1"]
[WhiteElo "2375"]
[BlackElo "2515"]
[PlyCount "86"]
[EventDate "1994.10.??"]
[EventType "team"]
[EventRounds "15"]
[EventCountry "GER"]
[SourceTitle "Bundesliga 9495"]
[Source "DeepChess"]
[SourceDate "2005.01.01"]
[SourceVersion "1"]
[SourceVersionDate "2005.01.01"]
[SourceQuality "1"]
[WhiteTeam "Hamburger SK 1830 e.V."]
[BlackTeam "SG Porz e.V."]
[WhiteTeamCountry "GER"]
[BlackTeamCountry "GER"]

1. e4 e5 2. Nf3 Nc6 3. Nc3 Nf6 4. g3 d5 5. exd5 Nxd5 6. Bg2 Nxc3 7. bxc3 Bc5 8.
O-O O-O 9. d3 f6 10. Be3 Bb6 11. Nd2 Qe7 12. Nb3 Be6 13. c4 a5 14. Bxb6 cxb6
15. Nd2 Rfd8 16. Rb1 Qc7 17. Re1 Bf7 18. Rb2 f5 19. Qb1 e4 20. Rxb6 Rab8 21.
Rb5 Nd4 22. Rb2 Bh5 23. Bf1 exd3 24. cxd3 b6 25. Bg2 f4 26. Ne4 f3 27. Bf1 Re8
28. Qc1 Bg6 29. Qe3 Qe5 30. Qc1 Qc7 31. Rb1 Rbd8 32. Qb2 Re6 33. Nc3 Rde8 34.
Rxe6 Rxe6 35. Nd5 Qc5 36. Bh3 Re2 37. Qxb6 Qxb6 38. Nxb6 Bxd3 39. Rd1 Rxa2 40.
Bf1 Be2 41. Rb1 a4 42. Nd5 Bxf1 43. Kxf1 a3 0-1

[Event "Bundesliga 9495"]
[Site "Deutschland"]
[Date "1994.??.??"]
[Round "?.1"]
[White "Wahls, Matthias"]
[Black "Gavrikov, Viktor"]
[Result "1/2-1/2"]
[WhiteElo "2540"]
[BlackElo "2600"]
[PlyCount "97"]
[EventDate "1994.10.??"]
[EventType "team"]
[EventRounds "15"]
[EventCountry "GER"]
[SourceTitle "Bundesliga 9495"]
[Source "DeepChess"]
[SourceDate "2005.01.01"]
[SourceVersion "1"]
[SourceVersionDate "2005.01.01"]
[SourceQuality "1"]
[WhiteTeam "Hamburger SK 1830 e.V."]
[BlackTeam "SK Zaehringen 1921"]
[WhiteTeamCountry "GER"]
[BlackTeamCountry "GER"]

1. e4 c5 2. Nf3 d6 3. d4 cxd4 4. Nxd4 Nf6 5. Nc3 a6 6. f4 e5 7. Nf3 Nbd7 8. a4
Be7 9. Bd3 O-O 10. O-O exf4 11. Bxf4 Qb6+ 12. Kh1 Qxb2 13. Nd5 Nxd5 14. exd5
Qb6 15. Qe2 Bf6 16. Rab1 Qc7 17. Bg5 g6 18. Bh6 Bg7 19. Bxg7 Kxg7 20. Qe7 Qd8
21. Qxd6 Nf6 22. Qe5 Qxd5 23. Qa1 Rd8 24. Rb4 Rd6 25. Rf4 Bd7 26. Nd2 Bf5 27.
Bxf5 gxf5 28. Rxf5 Qd4 29. Qxd4 Rxd4 30. Rxf6 Rxd2 31. Rxf7+ Kg8 32. Rxb7 Rc8
33. Rb3 Rdxc2 34. Rg3+ Kh8 35. h3 R2c4 36. a5 R4c5 37. Ra3 Rg5 38. Kh2 Rcc5 39.
Rfa1 h6 40. R1a2 Kh7 41. h4 Rgd5 42. g4 Kg6 43. Ra4 Rb5 44. R2a3 Re5 45. Kg3
Rec5 46. Rf3 Rxa5 47. Raf4 Rc7 48. Rf6+ Kh7 49. Rb6 1/2-1/2